| Tag |
First Indicator |
Second Indicator |
Subfields |
| LEADER |
00000nam a2200000Ii 4500 |
| 001 |
in00004580964 |
| 006 |
m o d |
| 007 |
cr |n||||||||| |
| 008 |
180611t20181998fluab ob 001 0 eng d |
| 005 |
20220613175754.1 |
| 020 |
|
|
|a 9780203755310
|
| 035 |
|
|
|a (OCoLC)1035845856
|
| 035 |
|
|
|a 9780203755310
|
| 040 |
|
|
|a FlBoTFG
|c FlBoTFG
|e rda
|
| 050 |
|
4 |
|a TD153
|
| 072 |
|
7 |
|a SCI
|x 026000
|2 bisacsh
|
| 072 |
|
7 |
|a TEC
|x 009060
|2 bisacsh
|
| 072 |
|
7 |
|a MAT
|x 003000
|2 bisacsh
|
| 072 |
|
7 |
|a TQ
|2 bicscc
|
| 082 |
0 |
4 |
|a 628
|2 23
|
| 100 |
1 |
|
|a Davis, Lorin R.,
|e author.
|
| 245 |
1 |
0 |
|a Fundamentals of environmental discharge modeling /
|c by Lorin R. Davis.
|
| 264 |
|
1 |
|a Boca Raton, FL :
|b CRC Press, an imprint of Taylor and Francis,
|c [2018].
|
| 264 |
|
4 |
|c ©1998.
|
| 300 |
|
|
|a 1 online resource (176 pages) :
|b 16 illustrations.
|
| 336 |
|
|
|a text
|b txt
|2 rdacontent
|
| 337 |
|
|
|a computer
|b c
|2 rdamedia
|
| 338 |
|
|
|a online resource
|b cr
|2 rdacarrier
|
| 490 |
1 |
|
|a Mechanical and aerospace engineering series
|
| 505 |
0 |
0 |
|t chapter 1 Fundamentals /
|r Lorin R. Davis --
|t chapter 2 Diffusers /
|r Lorin R. Davis --
|t chapter 3 Lagrangian Integral Models /
|r Lorin R. Davis --
|t chapter 4 Eulerian Integral Methods /
|r Lorin R. Davis --
|t chapter 5 Empirical and Length Scale Models /
|r Lorin R. Davis --
|t chapter 6 Atmospheric Discharges /
|r Lorin R. Davis --
|t chapter 7 Accuracy, Recommendations, and Closure /
|r Lorin R. Davis.
|
| 520 |
3 |
|
|a This book examines engineering and mathematical models for documenting and approving mechanical and environmental discharges. The author emphasizes engineering design considerations as well as applications to waste water and atmospheric discharges.Chapters discuss:the fundamentals of turbulent jet mixing, dilution concepts, and mixing zone conceptsdiffuser configurations and head loss calculationsdifferent modeling techniques and accepted models - discussed in detail with theoretical background, restrictions, input, output, and examplesLagrangian and the EPA UM 2-dimensional diffuser modelthe PLUMES interfaceEulerian integral methods, EPA UDKHG 3-dimensional diffuser model, and PDSG surface discharge modelempirical techniques, RSB diffuser model, the CORMIX family of models for both diffusers and surface dischargenumerical methods with a discussion of shelf commercial modelsGaussian atmospheric plume modelsFundamentals of Environmental Discharge Modeling includes numerous case studies and examples for each model and problem.
|
| 650 |
|
7 |
|a TECHNOLOGY & ENGINEERING / Industrial Engineering.
|2 bisacsh
|
| 650 |
|
7 |
|a MATHEMATICS / Applied.
|2 bisacsh
|
| 650 |
|
0 |
|a Air
|x Pollution
|x Mathematical models.
|
| 650 |
|
0 |
|a Computersimulaties.
|
| 650 |
|
0 |
|a Environmental engineering
|x Mathematical models
|v Case studies.
|
| 650 |
|
0 |
|a Environmental engineering
|x Mathematical models.
|
| 650 |
|
0 |
|a Sewage disposal
|x Mathematical models.
|
| 655 |
|
7 |
|a Electronic books.
|2 local
|
| 710 |
1 |
|
|a Taylor & Francis.
|
| 710 |
2 |
|
|a Taylor and Francis.
|
| 730 |
0 |
|
|a MATHnetBASE.
|
| 776 |
0 |
8 |
|i Print version:
|z 9780849396571
|
| 830 |
|
0 |
|a Mechanical and aerospace engineering series.
|
| 856 |
4 |
0 |
|u http://proxy.library.tamu.edu/login?url=https://www.taylorfrancis.com/books/9780203755310
|z Connect to the full text of this electronic book
|t 0
|
| 999 |
f |
f |
|s 47fccf8e-a3c5-4840-9276-504d99852b15
|i 47fccf8e-a3c5-4840-9276-504d99852b15
|t 0
|
| 952 |
f |
f |
|a Texas A&M University
|b College Station
|c Electronic Resources
|d Available Online
|t 0
|e TD153
|h Library of Congress classification
|
| 998 |
f |
f |
|a TD153
|t 0
|l Available Online
|